Holografía

Kaydedildi:
Detaylı Bibliyografya
Asıl Yazarlar: Fiódorov, B. F (Yazar), Tsibulkin, L. M (Yazar)
Materyal Türü: Kitap
Dil:İspanyolca
Baskı/Yayın Bilgisi: Moscú Mir 1992
Madrid Rubiños 1992
Edisyon:1a. ed
Seri Bilgileri:Ciencia Popular
Konular:
Etiketler: Etiketle
Etiket eklenmemiş, İlk siz ekleyin!

MARC

LEADER 00000nam a2200000 a 4500
001 UCK7861
003 CL-VaPUC
008 051230e19920000ru |||||||||||||||||spa|d
020 |a 8480410051 
082 0 4 |a 535.4  |b FIO  |2 21 
100 0 |a Fiódorov, B. F  |e author  |9 497533 
700 0 |a Tsibulkin, L. M  |e author  |9 497534 
245 1 0 |a Holografía 
250 |a 1a. ed 
300 |a 240 p 
942 |c BK 
945 |d 20051230 00:00:00  |a cmena 
260 |a Moscú  |b Mir  |c 1992 
260 |a Madrid  |b Rubiños  |c 1992 
650 7 |a HOLOGRAFIA  |2 CL-VaPUC  |9 406998 
650 0 |a Optica cuántica  |9 271670 
650 0 |a Propagación de ondas  |9 263256 
650 0 |a Electromagnetismo   |9 260123 
583 |a last modification  |c 20171123 02:48:51  |k Rodrigo Vera 
490 0 |a Ciencia Popular 
999 |c 315700  |d 315698 
952 |0 0  |1 0  |4 0  |6 535_400000000000000_FIO_1992_1992  |7 0  |8 A  |9 389310  |a BIBCUR  |b BIBCUR  |d 2019-11-22  |i 4194136  |l 1  |m 2  |o 535.4 FIO 1992 1992  |p 4194136  |r 2025-04-22  |s 2024-05-08  |w 2019-11-22  |y BK  |k FIS